[Event "POL-chT U19 2nd League"]
[Site "Iwonicz"]
[Date "2015.08.01"]
[Round "5.79"]
[White "Michalak, Natalia"]
[Black "Drabek, Jan"]
[Result "0-1"]
[WhiteElo "1371"]
[BlackElo "1658"]
[PlyCount "54"]
[EventDate "2015.07.25"]
[EventType "team-swiss"]
[EventRounds "11"]
[EventCountry "POL"]
[SourceTitle "EXT 2019"]
[Source "ChessBase"]
[SourceDate "2018.10.10"]
[SourceVersion "1"]
[SourceVersionDate "2018.10.10"]
[SourceQuality "1"]
[WhiteTeam "Gory Strzybniczanka Tarnowskie U19"]
[BlackTeam "Krosno KKSz Urania U19"]
[WhiteTeamCountry "POL"]
[BlackTeamCountry "POL"]

1. e4 c5 2. Nc3 g6 3. g3 Bg7 4. Bg2 Nc6 5. d3 d6 6. f4 e5 7. Nge2 Bg4 8. h3 Bd7 9. 0-0 Nge7 10. g4 Qb6 11. Be3 exf4 12. Rxf4 0-0 13. Rb1 Nd4 14. Rf2 Nxe2+ 15. Nxe2 Be6 16. c4 Nc6 17. Nf4 Ne5 18. b4 Qc7 19. Nxe6 fxe6 20. bxc5 dxc5 21. Rfb2 b6 22. Rb5 Rad8 23. Qe2 Rxd3 24. a4 Qd6 25. a5 Nxc4 26. Bf2 Rd2 27. Qxc4 Rfxf2 0-1

[Event "POL-ch U18 Girls"]
[Site "Karpacz"]
[Date "2015.??.??"]
[Round "8"]
[White "Michalak, Natalia"]
[Black "Czaplewska, Klara"]
[Result "0-1"]
[WhiteElo "1329"]
[BlackElo "1674"]
[PlyCount "110"]
[EventDate "2015.03.??"]
[EventType "swiss"]
[EventRounds "9"]
[EventCountry "POL"]
[SourceTitle "EXT 2017"]
[Source "ChessBase"]
[SourceDate "2016.10.25"]
[SourceVersion "1"]
[SourceVersionDate "2016.10.25"]
[SourceQuality "1"]

1. e4 e5 2. Nf3 Nc6 3. Bb5 Nf6 4. d4 Nxd4 5. Nxd4 exd4 6. e5 Ne4 7. 0-0 a6 8. Qxd4 Nc5 9. Bc4 Ne6 10. Bxe6 dxe6 11. Qxd8+ Kxd8 12. Bg5+ Ke8 13. Rd1 Bd7 14. Nc3 h6 15. Be3 Be7 16. Rd3 f5 17. Rad1 Bc6 18. Ne2 Kf7 19. Nd4 Be4 20. Rc3 c5 21. Nb3 b6 22. f3 Bc6 23. Nd2 Rad8 24. b4 Rd5 25. bxc5 Bxc5 26. Bxc5 bxc5 27. Rd3 Rxe5 28. Nc4 Rd5 29. Rxd5 Bxd5 30. Ne5+ Kf6 31. Nd7+ Ke7 32. Nxc5 a5 33. Nb3 a4 34. Nc5 Rc8 35. Nxa4 Rxc2 36. a3 Bb3 37. Rd4 Rc4 38. Rxc4 Bxc4 39. Kf2 Kd6 40. Ke3 g5 41. Kd4 Bf1 42. g3 e5+ 43. Ke3 Kd5 44. Nc3+ Kc4 45. Nb1 Bd3 46. Nd2+ Kc3 47. a4 f4+ 48. Kf2 Kxd2 49. a5 e4 50. fxe4 Bxe4 51. a6 f3 52. g4 Bd5 53. h3 Bc6 54. a7 Ba8 55. Kf1 Kc3 0-1

[Event "POL-ch U18 Girls"]
[Site "Karpacz"]
[Date "2015.??.??"]
[Round "7"]
[White "Michalak, Natalia"]
[Black "Kordela, Monika"]
[Result "1/2-1/2"]
[WhiteElo "1329"]
[BlackElo "1454"]
[PlyCount "52"]
[EventDate "2015.03.??"]
[EventType "swiss"]
[EventRounds "9"]
[EventCountry "POL"]
[SourceTitle "EXT 2017"]
[Source "ChessBase"]
[SourceDate "2016.10.25"]
[SourceVersion "1"]
[SourceVersionDate "2016.10.25"]
[SourceQuality "1"]

1. e4 c5 2. Nc3 d6 3. g3 Nc6 4. Bg2 g6 5. d3 Bg7 6. f4 Nf6 7. Nf3 0-0 8. 0-0 Rb8 9. h3 b5 10. Be3 a5 11. a3 Nd7 12. Rb1 b4 13. axb4 axb4 14. Ne2 Bb7 15. g4 Ra8 16. c4 e6 17. g5 Re8 18. h4 h5 19. e5 Ne7 20. Ng3 Qc7 21. Bf2 Nf5 22. Rc1 Nxg3 23. Bxg3 Red8 24. Qe2 Ra2 25. Bf2 Bf8 26. Nh2 d5 1/2-1/2

[Event "POL-ch U18 Girls"]
[Site "Karpacz"]
[Date "2015.??.??"]
[Round "5"]
[White "Ostrowska, Joanna"]
[Black "Michalak, Natalia"]
[Result "1-0"]
[WhiteElo "1604"]
[BlackElo "1329"]
[PlyCount "55"]
[EventDate "2015.03.??"]
[EventType "swiss"]
[EventRounds "9"]
[EventCountry "POL"]
[SourceTitle "EXT 2017"]
[Source "ChessBase"]
[SourceDate "2016.10.25"]
[SourceVersion "1"]
[SourceVersionDate "2016.10.25"]
[SourceQuality "1"]

1. d4 d5 2. c4 e6 3. Nc3 Nf6 4. a3 Be7 5. Bf4 0-0 6. e3 c6 7. Nf3 Nbd7 8. Bd3 Re8 9. Qc2 Nf8 10. Ne5 Nh5 11. Bg3 f6 12. Nf3 dxc4 13. Bxc4 Nxg3 14. hxg3 Kf7 15. Bd3 h6 16. Nh4 Bd6 17. 0-0-0 b5 18. Ne4 Bb7 19. Nc5 Qc7 20. Bg6+ Nxg6 21. Qxg6+ Kf8 22. Qh7 Bxc5 23. dxc5 Red8 24. Ng6+ Kf7 25. Nf4 Rxd1+ 26. Rxd1 Qe7 27. Rd6 e5 28. Nh5 1-0

[Event "POL-ch U18 Girls"]
[Site "Karpacz"]
[Date "2015.??.??"]
[Round "9"]
[White "Sendobry, Anna"]
[Black "Michalak, Natalia"]
[Result "0-1"]
[WhiteElo "1483"]
[BlackElo "1329"]
[PlyCount "58"]
[EventDate "2015.03.??"]
[EventType "swiss"]
[EventRounds "9"]
[EventCountry "POL"]
[SourceTitle "EXT 2017"]
[Source "ChessBase"]
[SourceDate "2016.10.25"]
[SourceVersion "1"]
[SourceVersionDate "2016.10.25"]
[SourceQuality "1"]

1. e4 e5 2. Nf3 Nc6 3. Bb5 a6 4. Ba4 Nf6 5. 0-0 Be7 6. Re1 d6 7. h3 0-0 8. c3 b5 9. Bc2 Bb7 10. d4 exd4 11. cxd4 Nb4 12. b3 Nxc2 13. Qxc2 c5 14. Nbd2 Rc8 15. Bb2 cxd4 16. Qd3 d5 17. exd5 Nxd5 18. Bxd4 Nb4 19. Qe3 Bd6 20. Rac1 Nc2 21. Rxc2 Rxc2 22. Bc3 Qc7 23. Nb1 Bc5 24. Nd4 Rxa2 25. Rc1 Qd7 26. Rd1 b4 27. Qc1 bxc3 28. Nxc3 Bxd4 29. Nxa2 Qd5 0-1

[Event "Zabrze Mayor's Cup 34th"]
[Site "Zabrze"]
[Date "2011.09.24"]
[Round "3"]
[White "Czornik, Adam"]
[Black "Michalak, Natalia"]
[Result "1-0"]
[WhiteElo "1758"]
[BlackElo "1422"]
[PlyCount "79"]
[EventDate "2011.09.23"]
[EventType "swiss"]
[EventRounds "10"]
[EventCountry "POL"]
[SourceTitle "CBM 144 Extra"]
[Source "ChessBase"]
[SourceDate "2011.10.28"]
[SourceVersion "1"]
[SourceVersionDate "2011.10.28"]
[SourceQuality "1"]

1. e4 e5 2. Nf3 Nf6 3. Nxe5 d6 4. Nf3 Nxe4 5. d3 Nf6 6. Bg5 g6 7. Nc3 d5 8. Qe2+ Be6 9. Nd4 Qe7 10. 0-0-0 Bg4 11. Qxe7+ Bxe7 12. Re1 0-0 13. Rxe7 c5 14. Bxf6 cxd4 15. Nxd5 Nc6 16. Re1 Rfe8 17. Rxe8+ Rxe8 18. f3 Bd7 19. Kd2 Be6 20. Nc7 Rc8 21. Nxe6 fxe6 22. g4 Kf7 23. g5 h6 24. h4 h5 25. Bh3 Nb4 26. c3 dxc3+ 27. bxc3 Nd5 28. Re1 Nf4 29. Bf1 Rc6 30. Rb1 b6 31. c4 e5 32. Bxe5 Ne6 33. d4 Nc7 34. d5 Rc5 35. Bd6 Ra5 36. Bxc7 Rxa2+ 37. Ke3 Ra3+ 38. Ke4 Ke7 39. Bh3 Ra4 40. Kd4 1-0